00593nam a22001937a 4500003000500000005001700005008004100022010001000063011001000073035001000083040000900093082002200102110007100124245008500195260004100280300001100321650002600332650004100358CHAP20220329140845.0971013s1986 r 00010 d a58751 a59723 a63883 cCHAP a630.72bI48v 1986 aINIFAP. México. Campo Agrícola Experimental Valle del Guadiana aGuía para la asistencia técnica agrícola área de influencia del campo... aDurango, Dgo. :bEl Instituto,c1986 a116 p.14aAgriculturaxDurango.14aAgriculturaxInvestigacionxDurango.